| 000 | 00660nam a2200205 i 4500 | ||
|---|---|---|---|
| 001 | 55728 | ||
| 003 | ES-MaACL | ||
| 005 | 20230906163215.0 | ||
| 007 | t| | ||
| 008 | 030925s1930 ne aco |||| | fre d | ||
| 080 | _a001(492) | ||
| 080 | _a50-051 | ||
| 245 | 0 | 3 |
_aLe développement des sciences aux Pays-Bas pendant le dernier demi-siècle / _ccomposé par plusieurs auteurs. |
| 260 |
_aLeyde [Leyden] : _bS.C. Van Doesburg, _c1930. |
||
| 300 |
_a109 p., 8 h. de lám. : _bil., fot. ; _c23 cm. |
||
| 599 | _aLám.: retratos de científicos. | ||
| 650 | 0 | 4 |
_aCientíficos. _911002 |
| 650 | 4 |
_aCiencia- _zPaíses Bajos. _9165556 |
|
| 852 |
_aES-MaACL _jA-205 |
||
| 999 |
_c55728 _d55728 |
||